quizz général sur la France - Statistiques

Statistiques générales
  • Ce quiz a été pris 2 963 fois
  • Le résultat moyen est 8 sur 14
Statistiques - réponses
Hint Réponse % Correct
symbole féminin de la république la marianne
93%
hymne national la Marseillaise
91%
capitale Paris
90%
devise national Liberté - Egalité - Fraternité
89%
emblème annimalier le coq
86%
général, libérateur de la France le Général Charles de Gaulle
63%
la dame de fer la Tour Eiffel
61%
le drapeau national, aussi appelé drapeau ________ tricolore
61%
créateur de l'école gratuite et laïque Jules Ferry
45%
son couvre-chef le bonnet phrygien
40%
nom de la peinture d'Eugène Delacroix, symbole de la révolution la Liberté guidant le peuple
34%
créateur du code civil Napoléon Bonaparte
25%
lieu où fut écrit l'hymne national Strasbourg
17%
pâtisserie typique, ronde, faite avec de l'amande et garnie au centre les macarons
6%
Aucun quiz correspondant
Distribution des résultats
% des personnes avec chaque résultat
Percentile par nombre de réponses
Votre historique - résultats
Vous n’avez pas pris ce quiz